Name All The FNAF Animatronics - Statistics

General Stats
  • This quiz has been taken 14,965 times
    8,148 since last reset
  • The average score is 51 of 111
Answer Stats
Game Answer % Correct
Fnaf 1 Freddy
99%
Bonnie
98%
Chica
98%
Foxy
98%
Golden Freddy
94%
Toy Bonnie
86%
Toy Chica
86%
Fnaf 2 Toy Freddy
86%
Mangle
85%
Puppet
82%
Fnaf 3 Springtrap
82%
Withered Freddy
80%
Fnaf 4 Nightmare
79%
Withered Bonnie
79%
Withered Chica
79%
Withered Foxy
78%
Nightmare Chica
75%
Nightmare Freddy
75%
Nightmare Bonnie
74%
Nightmare Foxy
72%
Shadow Bonnie
72%
Phantom Freddy
70%
Shadow Freddy
70%
Phantom Chica
69%
BB
68%
Ballora
67%
Fnaf SL Circus Baby
67%
Phantom Foxy
67%
Funtime Foxy
66%
Funtime Freddy
66%
Secret Fnaf 2 characters JJ
64%
Nightmare Fredbear
60%
Phantom Puppet
60%
Rockstars Rockstar Freddy
60%
Phantom BB
59%
Phantom Mangle
58%
Rockstar Chica
58%
Fnaf 4 halloween Jack-o Chica
57%
Plushtrap
57%
Rockstar Bonnie
57%
Scraps Scrap Baby
57%
Ennard
56%
Rockstar Foxy
56%
Scraptrap
56%
Withered Golden Freddy
56%
Glamrock Freddy
54%
Jack-o Bonnie
54%
Lefty
53%
Nightmare BB
52%
Nightmarionne
52%
Glamrock Chica
51%
Nightmare Mangle
51%
Bon Bon
49%
Endo-01
49%
Molten Freddy
49%
Fredbear
46%
Endo-02
45%
Roxanne Wolf
43%
Funtime Chica
42%
Mr hippo
42%
Bidybab
40%
Bonnet
40%
Happy Frog
40%
Lolbit
40%
Minireena
39%
Security Breach Vanny
39%
Yenndo
38%
Montgomery Gator
37%
Springbonnie
37%
Help Wanted + Halloween DLC Glitchtrap
35%
Electrobab
34%
Orville Elephant
34%
Pigpatch
34%
Mediocre Melodies Nedd Bear
33%
Music Man
31%
Dreadbear
30%
Glamrock Bonnie
29%
Moon
29%
Sun
29%
Burntrap
27%
Other Helpy
26%
The Mimic
26%
El Chip
25%
Mr hugs
22%
DJ Music Man
21%
Staff Bot
19%
The Blob
19%
Map Bot
18%
Panstan
18%
Grimm Foxy
17%
Eclipse
16%
Trash and the gang No. 1 Crate
16%
Bucket Bob
15%
Candy Cadet
15%
Mr Can-do
15%
Fruit Punch Clown
12%
Lemonade Clown
12%
Mini Music Man
10%
Plush Baby
10%
Ruined Glamrock Chica
10%
Glamrock Endo
9%
Ruined Montgomery Gator
9%
Ruined Roxanne Wolf
9%
Carnie
7%
M.X.E.S
7%
Help Wanted 2 Mystic Hippo
7%
Wet Floor Bot
7%
Helpi
6%
RUIN DLC Prototype Glamrock Freddy
4%
Party Pass Bot
2%
Ruined Mini Music Men
2%
No matching quizzes found
Score Distribution
Percent of People with Each Score
Percentile by Number Answered
Your Score History
You have not taken this quiz since the last reset